[Event "ARCTIC CHESS CHALLENGE 2010"]
[Site "SCANDIC TROMSØ"]
[Date "2010.07.31"]
[Round "3"]
[White "Sahl, Sheila Barth"]
[Black "Kiik, Kalle"]
[Result "0-1"]
[WhiteElo "2156"]
[BlackElo "2444"]
[PlyCount "80"]
[EventDate "2010.??.??"]

1. e4 c5 2. Nf3 a6 3. d4 cxd4 4. Nxd4 Nf6 5. Bd3 e5 6. Nb3 Nc6 7. Bg5 Bb4+ 8.
Nc3 h6 9. Bh4 d6 10. O-O Bxc3 11. bxc3 Be6 12. Qd2 g5 13. Bg3 Nh5 14. Rfd1 Qe7
15. Be2 Nxg3 16. hxg3 Rd8 17. Qe3 O-O 18. Qb6 Rc8 19. Rd2 Rfd8 20. Rad1 Rd7 21.
Qe3 Kg7 22. f4 f6 23. Kf2 Nd8 24. Rh1 Rdc7 25. Qf3 g4 26. Qe3 Rxc3 27. Rd3 Rxd3
28. cxd3 Nf7 29. d4 Rc2 30. Nc1 Bxa2 31. Nxa2 Rxa2 32. Rh4 Qc7 33. Rxg4+ Kf8
34. fxe5 fxe5 35. dxe5 dxe5 36. Qa7 Ng5 37. Rh4 Kg7 38. Rh1 Nxe4+ 39. Kf3 Nf6
40. Qe3 Qc6+ 0-1

[Event "ARCTIC CHESS CHALLENGE 2010"]
[Site "SCANDIC TROMSØ"]
[Date "2010.07.31"]
[Round "3"]
[White "Røyset, Pål"]
[Black "Ziska, Helgi Dam"]
[Result "0-1"]
[WhiteElo "2152"]
[BlackElo "2426"]
[PlyCount "114"]
[EventDate "2010.??.??"]

1. e4 c5 2. c3 Nf6 3. e5 Nd5 4. d4 cxd4 5. Nf3 e6 6. cxd4 d6 7. Nc3 Nc6 8. Bb5
Qa5 9. Qd3 Bd7 10. Bd2 Ndb4 11. Qe4 d5 12. Qb1 Nxe5 13. Bxd7+ Nxd7 14. O-O Be7
15. Re1 Nf6 16. a3 Nc6 17. Qd3 Rc8 18. h3 O-O 19. g4 Qd8 20. Rad1 Na5 21. Ne5
Nc4 22. Bc1 Nd7 23. Nf3 Re8 24. Re2 Qa5 25. Nb1 Nf8 26. h4 Qd8 27. h5 h6 28.
Kg2 Nh7 29. b3 Nd6 30. Ne5 Bf6 31. f3 Qb6 32. a4 Red8 33. Bb2 Bg5 34. Ba3 Qc7
35. Bc5 b6 36. Bb4 Nb7 37. Na3 Nd6 38. Rde1 a5 39. Bxd6 Qxd6 40. Nb5 Qe7 41.
Rc2 Rxc2+ 42. Qxc2 Bf4 43. Kh3 Qf6 44. Qc3 g6 45. hxg6 fxg6 46. Re2 h5 47. Qd3
Kg7 48. Nc7 Ng5+ 49. Kg2 h4 50. Re1 Rc8 51. Nb5 Bxe5 52. dxe5 Qf4 53. Nd4 Qg3+
54. Kf1 h3 55. Qe2 h2 56. Qg2 h1=Q+ 57. Qxh1 Qxe1+ 0-1

[Event "ARCTIC CHESS CHALLENGE 2010"]
[Site "SCANDIC TROMSØ"]
[Date "2010.07.31"]
[Round "3"]
[White "Gullaksen, Eirik"]
[Black "Rehn, Ralf"]
[Result "0-1"]
[WhiteElo "2395"]
[BlackElo "2164"]
[PlyCount "144"]
[EventDate "2010.??.??"]

1. e4 d5 2. exd5 Qxd5 3. Nc3 Qd6 4. d4 Nf6 5. Nf3 c6 6. Ne5 Nbd7 7. Nc4 Qc7 8.
Qf3 Nb6 9. Bf4 Qd7 10. Nxb6 axb6 11. O-O-O Qg4 12. Qe3 Be6 13. f3 Qf5 14. Be5
Bd5 15. Nxd5 Nxd5 16. Qb3 b5 17. Bxb5 Qd7 18. Bd3 b5 19. Rhe1 e6 20. g4 b4 21.
Bc4 f6 22. Bg3 Kf7 23. Re2 Bd6 24. Rde1 Bxg3 25. hxg3 Rhe8 26. Qd3 g6 27. f4
Kg7 28. Rh2 f5 29. g5 Re7 30. Qe2 Qd6 31. Reh1 Kg8 32. Rh6 Raa7 33. Bb3 Rad7
34. R6h2 Ra7 35. Rd1 Rad7 36. Qe1 Ra7 37. Rhd2 Nc3 38. Qe5 Qxe5 39. dxe5 Nxd1
40. Rxd1 Kf7 41. Rd6 Rac7 42. Kd2 c5 43. Bc4 Rc8 44. c3 h6 45. gxh6 Rh8 46.
cxb4 cxb4 47. Rb6 Rxh6 48. Ke3 Rh1 49. Rxb4 Re1+ 50. Kf3 g5 51. Rb6 Rc1 52. Bb3
Rb1 53. a4 g4+ 54. Ke3 Rf1 55. a5 Rf3+ 56. Ke2 Rxg3 57. a6 Rh3 58. Bc4 Rh8 59.
Rc6 Rb8 60. b3 Rh8 61. b4 Rh2+ 62. Kf1 Kg7 63. b5 Rd7 64. Be2 g3 65. b6 Rf2+
66. Kg1 Rd2 67. a7 Rfxe2 68. Rc1 Rg2+ 69. Kh1 Rh2+ 70. Kg1 Rdg2+ 71. Kf1 Ra2
72. Kg1 Rhb2 0-1

[Event "ARCTIC CHESS CHALLENGE 2010"]
[Site "SCANDIC TROMSØ"]
[Date "2010.07.31"]
[Round "3"]
[White "Jens, Jelmer"]
[Black "Marzano, Carlo"]
[Result "1-0"]
[WhiteElo "2386"]
[BlackElo "2159"]
[PlyCount "115"]
[EventDate "2010.??.??"]

1. e4 Nc6 2. Nf3 f5 3. exf5 d5 4. Bb5 Bxf5 5. Ne5 Qd6 6. d4 Nf6 7. O-O Nd7 8.
Nc3 e6 9. Bxc6 bxc6 10. Bf4 Nxe5 11. Bxe5 Qd7 12. Re1 Bd6 13. Na4 O-O 14. Qd2
h5 15. Re3 h4 16. h3 Qf7 17. Rc1 Qg6 18. Kh1 Rf7 19. Qe2 Raf8 20. f3 Bxe5 21.
Rxe5 Bxh3 22. gxh3 Rxf3 23. Re3 Qg5 24. Rxf3 Rxf3 25. Qxe6+ Kh8 26. Rg1 Rg3 27.
Rxg3 Qxg3 28. Nc3 Qf3+ 29. Kg1 Qg3+ 30. Kh1 Qf3+ 31. Kg1 Qg3+ 32. Kf1 Qf4+ 33.
Ke2 Qxd4 34. Qe3 Qc4+ 35. Kd2 d4 36. Qe8+ Kh7 37. Qh5+ Kg8 38. Qe8+ Kh7 39.
Qe4+ Kg8 40. Ne2 Qb4+ 41. Kd1 Qxb2 42. Qxd4 Qxa2 43. Qd8+ Kh7 44. Qxh4+ Kg8 45.
Qd8+ Kh7 46. Qd3+ Kh8 47. Nf4 Qa1+ 48. Ke2 a5 49. Ng6+ Kg8 50. Qc4+ Kh7 51. Qe4
Kg8 52. Ne7+ Kf7 53. Nxc6 a4 54. Ne5+ Ke6 55. Qg6+ Kd5 56. Qf7+ Ke4 57. Nf3 Qf6
58. Qc4+ 1-0

[Event "ARCTIC CHESS CHALLENGE 2010"]
[Site "SCANDIC TROMSØ"]
[Date "2010.07.31"]
[Round "3"]
[White "Søraas, Torben"]
[Black "Sowray, Peter J"]
[Result "0-1"]
[WhiteElo "2139"]
[BlackElo "2383"]
[PlyCount "64"]
[EventDate "2010.??.??"]

1. e4 Nf6 2. e5 Nd5 3. c4 Nb6 4. d4 d6 5. exd6 exd6 6. Nc3 Be7 7. Be3 O-O 8.
Rc1 Nc6 9. b3 Re8 10. Be2 Bg5 11. Bxg5 Qxg5 12. Kf1 Nxd4 13. Nf3 Nxf3 14. Bxf3
Rb8 15. Nb5 Qc5 16. h4 Bf5 17. h5 h6 18. Rh4 Re7 19. Kg1 a6 20. Nc3 Qe5 21. Qd2
Qf6 22. Rd4 Qg5 23. Rf4 Re5 24. g3 Qe7 25. Nd1 Be4 26. Bg4 Nd7 27. Ne3 Nf6 28.
Qd1 Re8 29. Be2 Bc6 30. Bf3 Bxf3 31. Qxf3 Nxh5 32. Nf5 Qg5 0-1

[Event "ARCTIC CHESS CHALLENGE 2010"]
[Site "SCANDIC TROMSØ"]
[Date "2010.07.31"]
[Round "3"]
[White "Solomon, Kenny"]
[Black "Flermoen, Peter"]
[Result "1-0"]
[WhiteElo "2383"]
[BlackElo "2144"]
[PlyCount "59"]
[EventDate "2010.??.??"]

1. Nf3 Nf6 2. c4 e6 3. d4 d5 4. Nc3 Be7 5. Bg5 O-O 6. e3 h6 7. Bh4 b6 8. Bd3
Bb7 9. O-O Nbd7 10. Qe2 c5 11. Bg3 Rc8 12. cxd5 exd5 13. Rad1 c4 14. Bf5 g6 15.
Bh3 a6 16. a4 Bb4 17. Ne5 Qe7 18. f4 Bc6 19. Bh4 Bxc3 20. bxc3 Rc7 21. e4 Bxa4
22. Ra1 Bb5 23. Nxd7 Bxd7 24. Bxd7 Rxd7 25. e5 g5 26. fxg5 Ne4 27. Qh5 hxg5 28.
Rf6 Rd6 29. Rxd6 Nxd6 30. Bxg5 1-0

[Event "ARCTIC CHESS CHALLENGE 2010"]
[Site "SCANDIC TROMSØ"]
[Date "2010.07.31"]
[Round "3"]
[White "Devereaux, Maxim L"]
[Black "Pettersson, Tobias"]
[Result "1-0"]
[WhiteElo "2380"]
[BlackElo "2135"]
[PlyCount "63"]
[EventDate "2010.??.??"]

1. b3 g6 2. Bb2 Nf6 3. c4 Bg7 4. g3 O-O 5. Bg2 d5 6. cxd5 Nxd5 7. Bxg7 Kxg7 8.
Nf3 c5 9. Qc1 Nd7 10. h4 h5 11. Ng5 N7f6 12. Qxc5 Bg4 13. Nc3 Rc8 14. Qxa7 Nxc3
15. dxc3 Rxc3 16. O-O Bxe2 17. Rfe1 Qd2 18. Qxb7 Rc2 19. Qxe7 Bg4 20. Qa7 Bf5
21. Re7 Nd7 22. Nf3 Qd6 23. Qd4+ Qf6 24. a4 Rb8 25. Re3 Rb2 26. a5 Ra8 27.
Qxf6+ Kxf6 28. Nd4 Ra7 29. Nb5 Ra6 30. Bb7 Re6 31. Rxe6+ Bxe6 32. Nd4 1-0

[Event "ARCTIC CHESS CHALLENGE 2010"]
[Site "SCANDIC TROMSØ"]
[Date "2010.07.31"]
[Round "3"]
[White "Svensen, Tarjei Joten"]
[Black "Wohl, Aleksandar H"]
[Result "0-1"]
[WhiteElo "2129"]
[BlackElo "2375"]
[PlyCount "104"]
[EventDate "2010.??.??"]

1. d4 Nf6 2. Bg5 e6 3. e4 c5 4. d5 h6 5. Bxf6 Qxf6 6. Nc3 a6 7. a4 d6 8. Nf3
Nd7 9. dxe6 fxe6 10. Be2 Be7 11. O-O O-O 12. Nd2 Ne5 13. f4 Ng6 14. e5 dxe5 15.
Nde4 Qf7 16. fxe5 Nf4 17. Nf6+ gxf6 18. Rxf4 f5 19. Bc4 Kh7 20. Qe1 Qh5 21. Rd1
b6 22. Ne2 Ra7 23. Rf3 Rg8 24. Qf1 Qe8 25. Nf4 Qc6 26. Qe2 Rd7 27. Rxd7 Bxd7
28. Bxa6 Qxa4 29. Bc4 Qc6 30. Rb3 Rg4 31. Bb5 Qc7 32. Bxd7 Qxd7 33. Rd3 Qc6 34.
Nh5 c4 35. Rd1 Kg6 36. Kh1 Qe4 37. Qxe4 Rxe4 38. Ng3 Rxe5 39. h3 Re3 40. Nf1
Re2 41. Rd7 Bg5 42. Kg1 Rxc2 43. Rd6 Rxb2 44. Rxe6+ Kf7 45. Rc6 b5 46. Ng3 Rb1+
47. Kf2 Bh4 48. Rxh6 Rb2+ 49. Kf3 Rb3+ 50. Kf4 Bxg3+ 51. Kxf5 Ke7 52. Rg6 Re3
0-1

[Event "ARCTIC CHESS CHALLENGE 2010"]
[Site "SCANDIC TROMSØ"]
[Date "2010.07.31"]
[Round "3"]
[White "Klip, Hans"]
[Black "Obers, Frits"]
[Result "1-0"]
[WhiteElo "2366"]
[BlackElo "2112"]
[PlyCount "65"]
[EventDate "2010.??.??"]

1. e4 c5 2. Nf3 g6 3. d4 cxd4 4. Qxd4 Nf6 5. e5 Nc6 6. Qa4 Nd5 7. Qe4 Nb6 8.
Bf4 d5 9. exd6 Bf5 10. Qe2 Nd5 11. Be5 f6 12. Bg3 Ndb4 13. Na3 Qa5 14. d7+ Kf7
15. Qc4+ Be6 16. Qc3 Rd8 17. Rd1 Bh6 18. Be2 Rxd7 19. Rxd7 Bxd7 20. Bc4+ Be6
21. Bxe6+ Kxe6 22. O-O Qd5 23. Nc4 Kf7 24. a3 Na6 25. b4 Rc8 26. Ne3 Bxe3 27.
fxe3 Rd8 28. Qb2 b5 29. e4 Qc4 30. e5 Nd4 31. Nxd4 Qxd4+ 32. Qxd4 Rxd4 33. exf6
1-0

[Event "ARCTIC CHESS CHALLENGE 2010"]
[Site "SCANDIC TROMSØ"]
[Date "2010.07.31"]
[Round "3"]
[White "Savola, Laura"]
[Black "Thomassen, Joachim"]
[Result "0-1"]
[WhiteElo "2107"]
[BlackElo "2364"]
[PlyCount "128"]
[EventDate "2010.??.??"]

1. Nf3 Nf6 2. g3 b5 3. Bg2 Bb7 4. O-O e6 5. d3 c5 6. e4 d5 7. exd5 Nxd5 8. a4
b4 9. a5 Be7 10. Nbd2 O-O 11. Nc4 Nc6 12. Re1 Re8 13. Nfd2 Nd4 14. Ne4 Rb8 15.
Be3 Ba8 16. Bxd4 cxd4 17. Ned2 Rc8 18. Nb3 Bf8 19. Qg4 g6 20. Nbd2 Bg7 21. Qe2
Qc7 22. Nb3 a6 23. Rac1 Rcd8 24. Qg4 Re7 25. Qe2 e5 26. Qd2 f5 27. Qe2 Rde8 28.
Nbd2 Kh8 29. Qf1 Re6 30. Ra1 R8e7 31. Qe2 Bb7 32. Qf1 Re8 33. Rac1 Qd8 34. Ra1
Bc6 35. Rac1 R6e7 36. Ra1 Kg8 37. Rac1 Bb7 38. Ra1 Qc7 39. Rac1 h6 40. Ra1 Kh7
41. Rac1 Rd8 42. Ra1 Bc6 43. Bf3 Be8 44. Rac1 Bf7 45. Bg2 Rde8 46. Qe2 Nf6 47.
f3 h5 48. Ra1 Bh6 49. Ra4 Nd5 50. Nf1 Qc6 51. Raa1 Qc5 52. Kh1 Kg7 53. Ra4 Bg5
54. Raa1 h4 55. Kg1 Nf6 56. Nfd2 e4 57. Nb3 Qd5 58. Nb6 Qd8 59. dxe4 fxe4 60.
f4 Bh6 61. Rad1 d3 62. Qd2 hxg3 63. hxg3 Ng4 64. Nc4 Bxc4 0-1

[Event "ARCTIC CHESS CHALLENGE 2010"]
[Site "SCANDIC TROMSØ"]
[Date "2010.07.31"]
[Round "3"]
[White "Welling, Gerard"]
[Black "Jæger, Frode Bull"]
[Result "1/2-1/2"]
[WhiteElo "2352"]
[BlackElo "2103"]
[PlyCount "46"]
[EventDate "2010.??.??"]

1. g3 g6 2. Bg2 Bg7 3. c4 e5 4. Nc3 d6 5. d3 f5 6. Nf3 Nf6 7. O-O O-O 8. Bg5 h6
9. Bxf6 Qxf6 10. Rb1 c6 11. Nd2 a5 12. a3 Be6 13. b4 axb4 14. axb4 Qf7 15. b5
d5 16. bxc6 bxc6 17. cxd5 cxd5 18. Rb6 e4 19. Nb5 Ra6 20. Rxa6 Nxa6 21. Qa4 Nc7
22. Nxc7 Qxc7 23. dxe4 dxe4 1/2-1/2

[Event "ARCTIC CHESS CHALLENGE 2010"]
[Site "SCANDIC TROMSØ"]
[Date "2010.07.31"]
[Round "3"]
[White "De Haan, Eric"]
[Black "Andreassen, Arnold"]
[Result "1-0"]
[WhiteElo "2345"]
[BlackElo "2094"]
[PlyCount "59"]
[EventDate "2010.??.??"]

1. d4 Nf6 2. c4 g6 3. Nc3 d5 4. cxd5 Nxd5 5. e4 Nxc3 6. bxc3 Bg7 7. Nf3 c5 8.
Rb1 O-O 9. Be2 b6 10. O-O Bb7 11. d5 Bxc3 12. Bc4 Bg7 13. Qd3 e5 14. Bg5 Qd6
15. h4 Nd7 16. h5 f6 17. h6 Bh8 18. Bc1 f5 19. Ng5 f4 20. Qh3 Rf6 21. Bb2 Nf8
22. Bxe5 Qxe5 23. d6+ Ne6 24. Bxe6+ Rxe6 25. Qxe6+ Qxe6 26. Nxe6 Bxe4 27. Rbd1
Bf6 28. d7 Bd8 29. Rfe1 Bf5 30. Nxd8 1-0

[Event "ARCTIC CHESS CHALLENGE 2010"]
[Site "SCANDIC TROMSØ"]
[Date "2010.07.31"]
[Round "3"]
[White "Zozulia, Anna"]
[Black "Hagen, Anders G"]
[Result "1-0"]
[WhiteElo "2340"]
[BlackElo "2085"]
[PlyCount "99"]
[EventDate "2010.??.??"]

1. e4 c5 2. Nf3 d6 3. d4 cxd4 4. Nxd4 Nf6 5. Nc3 g6 6. Be2 Bg7 7. O-O O-O 8.
Kh1 Nc6 9. Nb3 a6 10. f4 b5 11. Bf3 Bb7 12. e5 dxe5 13. Nc5 Qxd1 14. Rxd1 e4
15. N3xe4 Nxe4 16. Bxe4 Rad8 17. Be3 Ba8 18. Nxa6 Bxb2 19. Rab1 Rxd1+ 20. Rxd1
Na5 21. Bxa8 Rxa8 22. Nc7 Rb8 23. Rd5 Nc4 24. Ba7 Rb7 25. Nxb5 Na3 26. c4 Nxc4
27. a4 Nb6 28. Bxb6 Rxb6 29. g3 Bf6 30. a5 Rc6 31. Kg2 e6 32. Rd7 Rc2+ 33. Kf3
Ra2 34. Ra7 Rb2 35. Nd6 Bd4 36. Rd7 f5 37. Rd8+ Kg7 38. Ne8+ Kf7 39. Rxd4 Kxe8
40. Ra4 Rb3+ 41. Ke2 Rb7 42. a6 Ra7 43. Kd3 Kd7 44. Kd4 Kd6 45. h4 h6 46. Ra5
Ke7 47. Kc5 Kf6 48. Kb6 Ra8 49. a7 g5 50. Kb7 1-0

[Event "ARCTIC CHESS CHALLENGE 2010"]
[Site "SCANDIC TROMSØ"]
[Date "2010.07.31"]
[Round "3"]
[White "Vaarala, Eric"]
[Black "Dworakowska, Joanna"]
[Result "1/2-1/2"]
[WhiteElo "2102"]
[BlackElo "2338"]
[PlyCount "84"]
[EventDate "2010.??.??"]

1. e4 g6 2. d4 Bg7 3. Nf3 d6 4. Bc4 c6 5. Bb3 Nf6 6. Qe2 e5 7. dxe5 dxe5 8. O-O
Qe7 9. Nbd2 Nh5 10. Nc4 b5 11. Ne3 O-O 12. a4 Nf4 13. Qe1 bxa4 14. Rxa4 Nd7 15.
Bd2 Nb6 16. Ra5 c5 17. Nd5 Nfxd5 18. exd5 Re8 19. Be3 c4 20. Ba2 Bf5 21. Bxb6
axb6 22. Rxa8 Rxa8 23. Bxc4 Bxc2 24. Qd2 Bf5 25. d6 Qd7 26. Ng5 Rf8 27. Rd1 Bf6
28. h3 Kg7 29. Nxf7 Rxf7 30. Bxf7 Kxf7 31. g4 Be6 32. Rc1 Bd8 33. Rc3 Kg8 34.
Qd3 b5 35. b3 Bb6 36. Qe4 Qxd6 37. Qc6 Bxf2+ 38. Kxf2 Qd2+ 39. Kf1 Qd1+ 40. Kf2
Qd2+ 41. Kf1 Qd1+ 42. Kf2 Qd2+ 1/2-1/2

[Event "ARCTIC CHESS CHALLENGE 2010"]
[Site "SCANDIC TROMSØ"]
[Date "2010.07.31"]
[Round "3"]
[White "Poobalasingam, Peter S"]
[Black "Kupfer, Michael"]
[Result "1-0"]
[WhiteElo "2326"]
[BlackElo "2085"]
[PlyCount "63"]
[EventDate "2010.??.??"]

1. d4 Nf6 2. c4 g6 3. g3 Bg7 4. Bg2 O-O 5. Nc3 d6 6. Nf3 Nc6 7. O-O a6 8. Qd3
Nd7 9. e4 h6 10. Be3 e5 11. d5 Ne7 12. Nd2 f5 13. f3 f4 14. Bf2 h5 15. g4 Nc5
16. Qe2 Qd7 17. b4 Na4 18. Nxa4 Qxa4 19. c5 Bd7 20. Rfb1 hxg4 21. fxg4 f3 22.
Bxf3 Rxf3 23. Qxf3 Bh6 24. Be3 Rf8 25. Qh3 Bf4 26. Rb3 Kg7 27. Bxf4 Rxf4 28.
Qc3 Rxg4+ 29. Kh1 Qb5 30. Re1 g5 31. a4 Qxa4 32. Ra3 1-0

[Event "ARCTIC CHESS CHALLENGE 2010"]
[Site "SCANDIC TROMSØ"]
[Date "2010.07.31"]
[Round "3"]
[White "Bortnik, Alexandr"]
[Black "Tari, Aryan"]
[Result "1-0"]
[WhiteElo "2318"]
[BlackElo "2060"]
[PlyCount "45"]
[EventDate "2010.??.??"]

1. e4 c5 2. b4 cxb4 3. a3 bxa3 4. d4 d6 5. c3 Nf6 6. Bd3 e5 7. Nxa3 Be7 8. f4
d5 9. fxe5 Nxe4 10. Ne2 Bh4+ 11. g3 Bg5 12. Bxe4 dxe4 13. Bxg5 Qxg5 14. Nb5 Qe7
15. Nd6+ Kd8 16. O-O Rf8 17. Nf4 Nc6 18. Nd5 Qe6 19. Nb6 Rb8 20. d5 Qg4 21.
dxc6 Qxd1 22. Rfxd1 axb6 23. Nb5+ 1-0

[Event "ARCTIC CHESS CHALLENGE 2010"]
[Site "SCANDIC TROMSØ"]
[Date "2010.07.31"]
[Round "3"]
[White "Buchkremer, Felix"]
[Black "Kadziolka, Beata"]
[Result "1/2-1/2"]
[WhiteElo "2090"]
[BlackElo "2305"]
[PlyCount "84"]
[EventDate "2010.??.??"]

1. e4 g6 2. d4 Bg7 3. Nc3 c6 4. f4 d5 5. e5 Qb6 6. Nf3 Bg4 7. Be2 Nh6 8. Na4
Qc7 9. Be3 Nd7 10. O-O f6 11. b3 O-O 12. h3 Bxf3 13. Bxf3 e6 14. Qd2 fxe5 15.
fxe5 Nf5 16. Bf2 c5 17. c3 Rac8 18. Rad1 Bh6 19. Qe1 cxd4 20. cxd4 Qc2 21. g4
Ng7 22. Be3 Bxe3+ 23. Qxe3 Qc7 24. Rc1 Qa5 25. Rxc8 Rxc8 26. Rc1 Qd8 27. Rxc8
Qxc8 28. Qc3 Qxc3 29. Nxc3 Nb8 30. Kf2 Nc6 31. Ke3 g5 32. Be2 Kf7 33. a3 h5 34.
b4 h4 35. Na4 b6 36. Bb5 Ne7 37. Bd3 Ne8 38. Nc3 Nc7 39. Kf3 Nc6 40. Ke3 Ne7
41. Kf3 Nc6 42. Ke3 Ne7 1/2-1/2

[Event "ARCTIC CHESS CHALLENGE 2010"]
[Site "SCANDIC TROMSØ"]
[Date "2010.07.31"]
[Round "3"]
[White "Ramondino, Renzo"]
[Black "Taylor-Bowd, Philip J"]
[Result "1-0"]
[WhiteElo "2289"]
[BlackElo "2046"]
[PlyCount "37"]
[EventDate "2010.??.??"]

1. e4 c6 2. d4 d5 3. e5 c5 4. Nf3 Nc6 5. Bb5 cxd4 6. Qxd4 e6 7. O-O Bd7 8. Qf4
Bc5 9. c4 Nge7 10. Nc3 a6 11. Ba4 dxc4 12. Qxc4 Ba7 13. Qg4 Nf5 14. Ne4 Nce7
15. Rd1 b5 16. Bb3 h5 17. Qh3 Qc8 18. Bg5 Ng6 19. Qxf5 1-0

[Event "ARCTIC CHESS CHALLENGE 2010"]
[Site "SCANDIC TROMSØ"]
[Date "2010.07.31"]
[Round "3"]
[White "Karlsen, Sverre"]
[Black "Tsiolakidis, Anastasios"]
[Result "0-1"]
[WhiteElo "2050"]
[BlackElo "2289"]
[PlyCount "122"]
[EventDate "2010.??.??"]

1. d4 c5 2. d5 e5 3. e4 d6 4. Bb5+ Nd7 5. a4 a6 6. Be2 Be7 7. Nf3 Nf8 8. Nfd2
Bg5 9. Nc4 Bxc1 10. Qxc1 Ng6 11. g3 N8e7 12. h4 O-O 13. h5 Nh8 14. g4 f6 15.
Nbd2 Nf7 16. Nf1 Ng5 17. f3 g6 18. Ng3 b6 19. Qe3 Rb8 20. Qg1 b5 21. axb5 axb5
22. Ne3 Bd7 23. hxg6 hxg6 24. Kd2 Ra8 25. Qh2 c4 26. Qh6 Rxa1 27. Rxa1 Rf7 28.
Qh1 Rh7 29. Qe1 Qb6 30. Ngf1 Rh3 31. Qf2 Kf7 32. c3 b4 33. Kc1 bxc3 34. bxc3
Qb3 35. Kd2 Ba4 36. Nd1 Qc2+ 37. Ke1 Bb3 38. Nfe3 Rh1+ 39. Bf1 Qd3 40. Qe2 Bxd1
41. Qxd3 cxd3 42. Rxd1 Nxf3+ 43. Kf2 Ng5 44. Bxd3 Rh2+ 45. Kg3 Rh3+ 46. Kf2
Rf3+ 47. Ke2 Rf4 48. Rb1 Nxe4 49. Bxe4 Rxe4 50. Kd3 Ra4 51. Rb6 e4+ 52. Ke2
Ra2+ 53. Ke1 f5 54. gxf5 gxf5 55. Rxd6 f4 56. Ng4 f3 57. Ne5+ Ke8 58. Re6 f2+
59. Kf1 e3 60. Rf6 Ra1+ 61. Ke2 Re1+ 0-1

[Event "ARCTIC CHESS CHALLENGE 2010"]
[Site "SCANDIC TROMSØ"]
[Date "2010.07.31"]
[Round "3"]
[White "Dolzhikova, Olga"]
[Black "Johnsen, Sylvia"]
[Result "1-0"]
[WhiteElo "2263"]
[BlackElo "2024"]
[PlyCount "36"]
[EventDate "2010.??.??"]

1. e4 e5 2. d4 exd4 3. Qxd4 Nc6 4. Qe3 Nf6 5. Nc3 Nb4 6. Bd3 b6 7. e5 Nfd5 8.
Nxd5 Nxd5 9. Qg3 Qe7 10. Nf3 Bb7 11. O-O h5 12. a3 Qe6 13. h3 Ne7 14. Ng5 h4
15. Nxe6 hxg3 16. Nxc7+ Kd8 17. Nxa8 gxf2+ 18. Rxf2 Bxa8 1-0

[Event "ARCTIC CHESS CHALLENGE 2010"]
[Site "SCANDIC TROMSØ"]
[Date "2010.07.31"]
[Round "3"]
[White "Pettersen, Joar Gullestad"]
[Black "Alfred, Nathan S W"]
[Result "0-1"]
[WhiteElo "2045"]
[BlackElo "2263"]
[PlyCount "70"]
[EventDate "2010.??.??"]

1. d4 Nf6 2. c4 g6 3. Nc3 Bg7 4. e4 d6 5. Nge2 a6 6. Ng3 c6 7. Be2 b5 8. O-O
O-O 9. e5 Ne8 10. f4 bxc4 11. Bxc4 d5 12. Be2 e6 13. b3 f6 14. Na4 a5 15. Ba3
Rf7 16. Rc1 Bh6 17. Rc2 fxe5 18. fxe5 Raa7 19. Rc3 Rxf1+ 20. Nxf1 Rf7 21. Nc5
Nc7 22. Rh3 Bf8 23. Qc1 Nba6 24. Nxa6 Bxa6 25. Bxa6 Bxa3 26. Qxa3 Nxa6 27. Qc1
Qb6 28. Qe3 Nb4 29. Rh4 Nxa2 30. h3 Nb4 31. Nh2 Qd8 32. Qg3 Kh8 33. Ng4 Qg5 34.
Qe1 Nd3 35. Nh6 Rf8 0-1

[Event "ARCTIC CHESS CHALLENGE 2010"]
[Site "SCANDIC TROMSØ"]
[Date "2010.07.31"]
[Round "3"]
[White "Hess, Christian"]
[Black "Laverton, Christian"]
[Result "1-0"]
[WhiteElo "2262"]
[BlackElo "2007"]
[PlyCount "41"]
[EventDate "2010.??.??"]

1. c4 c6 2. e4 d5 3. cxd5 cxd5 4. exd5 Nf6 5. Nc3 Nxd5 6. Nf3 e6 7. Bc4 Be7 8.
O-O O-O 9. d4 Nc6 10. Re1 Nf6 11. Bg5 Re8 12. a3 a6 13. Ba2 b5 14. d5 exd5 15.
Nxd5 Be6 16. Nxe7+ Rxe7 17. Bxf6 gxf6 18. Bxe6 fxe6 19. Qb3 Kf7 20. Qc2 Rc8 21.
Qxh7+ 1-0

[Event "ARCTIC CHESS CHALLENGE 2010"]
[Site "SCANDIC TROMSØ"]
[Date "2010.07.31"]
[Round "3"]
[White "Brasøy, Aksel"]
[Black "Briscoe, Chris"]
[Result "0-1"]
[WhiteElo "2011"]
[BlackElo "2247"]
[PlyCount "72"]
[EventDate "2010.??.??"]

1. d4 Nf6 2. c4 g6 3. Nc3 d5 4. cxd5 Nxd5 5. e4 Nxc3 6. bxc3 Bg7 7. Nf3 c5 8.
Be3 Qa5 9. Bd2 O-O 10. Be2 Bd7 11. O-O Nc6 12. d5 Ne5 13. Nxe5 Bxe5 14. Qc1 b5
15. f4 Bg7 16. e5 c4 17. Bf3 Bf5 18. Be3 Rac8 19. Bd4 f6 20. a3 fxe5 21. fxe5
Qc7 22. Qe3 a5 23. Rfe1 Rb8 24. Kh1 Qc8 25. d6 exd6 26. exd6 Qd7 27. Bd5+ Kh8
28. Bxg7+ Qxg7 29. Qg3 Qf6 30. Qe5 Qxe5 31. Rxe5 b4 32. axb4 axb4 33. cxb4 c3
34. Be4 c2 35. Bxf5 gxf5 36. d7 Kg7 0-1

[Event "ARCTIC CHESS CHALLENGE 2010"]
[Site "SCANDIC TROMSØ"]
[Date "2010.07.31"]
[Round "3"]
[White "Gukhvat, Peter"]
[Black "Savola, Ari"]
[Result "1-0"]
[WhiteElo "2242"]
[BlackElo "1970"]
[PlyCount "59"]
[EventDate "2010.??.??"]

1. Nf3 Nf6 2. d4 g6 3. g3 Bg7 4. Bg2 O-O 5. O-O d6 6. c4 Nbd7 7. Nc3 c6 8. Qc2
Qc7 9. b3 b5 10. Bb2 bxc4 11. bxc4 Ba6 12. Na4 Rab8 13. Nd2 Bh6 14. e3 Rfc8 15.
Rac1 Qa5 16. Bc3 Qh5 17. h3 g5 18. Qf5 d5 19. Nc5 e6 20. Qc2 Nxc5 21. dxc5 Nd7
22. Qa4 Nxc5 23. Qa5 Bf8 24. Bd4 Nd3 25. Qxa6 Nxc1 26. Rxc1 c5 27. Be5 Ra8 28.
g4 Qg6 29. cxd5 Qd3 30. Qxd3 1-0

[Event "ARCTIC CHESS CHALLENGE 2010"]
[Site "SCANDIC TROMSØ"]
[Date "2010.07.31"]
[Round "3"]
[White "Ukkelberg, Øyvind"]
[Black "Lahlum, Hans Olav"]
[Result "1/2-1/2"]
[WhiteElo "1971"]
[BlackElo "2230"]
[PlyCount "150"]
[EventDate "2010.??.??"]

1. e4 e6 2. d4 d5 3. Nd2 c5 4. exd5 Qxd5 5. Ngf3 cxd4 6. Bc4 Qd6 7. O-O Nf6 8.
Nb3 Nc6 9. Nbxd4 Nxd4 10. Nxd4 Bd7 11. c3 Be7 12. Qb3 Rc8 13. Re1 O-O 14. Bxe6
fxe6 15. Nxe6 Qd5 16. Nxf8 Kxf8 17. Qxd5 Nxd5 18. Bd2 Bf6 19. Rad1 Ba4 20. Rc1
Bc6 21. c4 Nb6 22. b3 Nd7 23. Bf4 Kf7 24. Rcd1 Nf8 25. Be3 a6 26. f4 Re8 27.
Bb6 Rc8 28. Bd4 Be7 29. Re5 Ne6 30. Bc3 Bf6 31. Re3 Nxf4 32. Bxf6 gxf6 33. g3
Ng6 34. Rd4 Ne5 35. Kf2 Rg8 36. h3 Ke6 37. b4 Rg7 38. Rb3 Rg5 39. b5 axb5 40.
cxb5 Bd5 41. Ra3 Rf5+ 42. Rf4 Rg5 43. Rd4 Rg7 44. Ra8 Rd7 45. a4 Kd6 46. Rf8
Ng6 47. Rc8 Ne7 48. Rc1 Ng6 49. a5 Ne7 50. b6 Nc6 51. Ra4 Rd8 52. a6 bxa6 53.
Rxa6 Nb4 54. Ra3 Rb8 55. Rc7 Rxb6 56. Rxh7 Nc6 57. Re3 Ne5 58. Rh6 Ke6 59. g4
Rb2+ 60. Re2 Kf7 61. Rxb2 Nd3+ 62. Ke3 Nxb2 63. Rh5 Be6 64. Rc5 Nc4+ 65. Kf4
Ne5 66. Ra5 Kg6 67. Ra6 Bc8 68. Rd6 Nf7 69. Rb6 Bd7 70. h4 Kg7 71. h5 Be8 72.
Re6 Bb5 73. Re7 Bc4 74. Kf5 Bd3+ 75. Kf4 Bc4 1/2-1/2

[Event "ARCTIC CHESS CHALLENGE 2010"]
[Site "SCANDIC TROMSØ"]
[Date "2010.07.31"]
[Round "3"]
[White "Lindberg, Henrik"]
[Black "Monsøy, Arild"]
[Result "1-0"]
[WhiteElo "2230"]
[BlackElo "1961"]
[PlyCount "103"]
[EventDate "2010.??.??"]

1. e4 d6 2. d4 Nf6 3. Nc3 g6 4. g3 Bg7 5. Bg2 O-O 6. Nge2 e5 7. h3 Nc6 8. Be3
h6 9. O-O Ne8 10. dxe5 Nxe5 11. b3 Nc6 12. Qd2 Kh7 13. Rad1 Be6 14. Nd5 Ne7 15.
Ndf4 Nc6 16. c4 Qc8 17. Kh2 a6 18. Nxe6 Qxe6 19. Nf4 Qe5 20. Nd5 Qe6 21. f4 f5
22. exf5 gxf5 23. Rde1 Qd7 24. Qd3 Kh8 25. Bf3 Nf6 26. Nxf6 Bxf6 27. Bd2 Rae8
28. Bh5 Rxe1 29. Rxe1 Nd4 30. Bc3 c5 31. Qe3 Qg7 32. Bxd4 cxd4 33. Qd3 Rg8 34.
Re8 Rxe8 35. Bxe8 Qe7 36. Bg6 Qe1 37. Kg2 Qc1 38. Bxf5 h5 39. h4 b5 40. cxb5
axb5 41. Qxb5 Qe3 42. Qd3 Qe1 43. Qe4 Qd2+ 44. Kh3 Qd1 45. Qe8+ Kg7 46. Qg6+
Kf8 47. Qxf6+ Ke8 48. Qe6+ Kf8 49. Qxd6+ Kg7 50. Qe7+ Kg8 51. Be6+ Kh8 52. Qf8+
1-0

[Event "ARCTIC CHESS CHALLENGE 2010"]
[Site "SCANDIC TROMSØ"]
[Date "2010.07.31"]
[Round "3"]
[White "Eriksen, Magnus"]
[Black "Grotnes, Nils R"]
[Result "1-0"]
[WhiteElo "1961"]
[BlackElo "2219"]
[PlyCount "49"]
[EventDate "2010.??.??"]

1. e4 e5 2. Nf3 Nc6 3. Bb5 a6 4. Ba4 Nf6 5. Qe2 Be7 6. O-O b5 7. Bb3 O-O 8. c3
d6 9. Rd1 Na5 10. Bc2 c5 11. d4 Qc7 12. d5 Bd7 13. Nbd2 Nh5 14. Nf1 Nf4 15.
Bxf4 exf4 16. e5 g6 17. e6 fxe6 18. dxe6 Bc6 19. h4 Bf6 20. h5 g5 21. N1h2 Be8
22. Qe4 Bxh5 23. Rxd6 Rad8 24. e7 Qxe7 25. Rxf6 1-0